| 000 | 00519nam a2200205Ia 4500 | ||
|---|---|---|---|
| 008 | 210210b2015 xxu||||| |||| 00| 0 eng d | ||
| 020 | _a9788126902996 | ||
| 041 | _aeng | ||
| 082 | _a820.309 TIWA | ||
| 100 | _aTIWARI (Shubha) | ||
| 245 | _aAmitav Ghosh:a critical study | ||
| 260 |
_aNew Delhi _bAtlantic Publishers & Distibutors (P) Ltd _c2015 |
||
| 300 | _a108 | ||
| 650 | _astudy | ||
| 650 | _aGhosh:a | ||
| 650 | _acritical | ||
| 650 | _aAmitav | ||
| 690 | _aIndian English Criticism | ||
| 906 | _a071179 | ||
| 999 |
_c120539 _d120539 |
||